Countries ending with the letter A - Statistics

General Stats
  • This quiz has been taken 5,133 times
    523 since last reset
  • The average score is 60 of 74
Answer Stats
Answer % Correct
Australia
94%
Argentina
92%
Canada
92%
Albania
91%
Austria
91%
Andorra
90%
India
90%
Latvia
90%
Russia
90%
Algeria
89%
China
89%
Indonesia
88%
Angola
87%
Armenia
87%
Colombia
87%
Lithuania
87%
Slovenia
87%
Bulgaria
86%
Panama
86%
Slovakia
86%
South Korea
86%
Estonia
85%
North Korea
85%
Romania
85%
Zambia
85%
Cuba
84%
Ethiopia
84%
Libya
84%
South Africa
84%
Eritrea
83%
Guatemala
83%
Malaysia
83%
Namibia
83%
Venezuela
83%
Croatia
82%
Guinea
82%
Jamaica
82%
Kenya
82%
Serbia
82%
Guyana
81%
Saudi Arabia
81%
Bolivia
80%
Nigeria
80%
Somalia
80%
Tanzania
80%
Antigua and Barbuda
79%
Bosnia and Herzegovina
79%
Botswana
79%
Dominica
79%
Ghana
79%
Mauritania
79%
Nicaragua
79%
North Macedonia
79%
Rwanda
79%
Mongolia
78%
Cambodia
77%
Tunisia
77%
Uganda
77%
Costa Rica
76%
Georgia
76%
Tonga
76%
Gambia
75%
Liberia
75%
Moldova
75%
Samoa
75%
Syria
75%
Malta
74%
Sri Lanka
73%
Grenada
72%
Saint Lucia
72%
Papua New Guinea
71%
Equatorial Guinea
69%
Czechia
66%
Micronesia
64%
No matching quizzes found
Score Distribution
Percent of People with Each Score
Percentile by Number Answered
Your Score History
You have not taken this quiz since the last reset